|
|
|
|
| LEADER |
00000nam0a2200000 4500 |
| 001 |
309287 |
| 005 |
20260326162543.0 |
| 035 |
|
|
|a (RuTPU)RU\TPU\book\334609
|
| 090 |
|
|
|a 309287
|
| 100 |
|
|
|a 20151112d1981 km y0rusy50 ca
|
| 101 |
0 |
|
|a rus
|
| 102 |
|
|
|a RU
|
| 105 |
|
|
|a ac z 001zb
|
| 200 |
1 |
|
|a Лениниана. Поиск. Источниковедение. Археография
|f Институт марксизма-ленинизма (ИМЛ) ; под ред. Т. П. Бондаревской, Н. И. Приймака
|
| 210 |
|
|
|a Ленинград
|c Лениздат
|d 1981
|
| 215 |
|
|
|a 400 с.
|c ил.
|
| 320 |
|
|
|a Список иллюстраций: с. 396-397
|
| 600 |
|
1 |
|a Ленин
|b В. И.
|c настоящая фамилия Ульянов
|c российский политический деятель
|f 1870-1924
|g Владимир Ильич
|2 stltpush
|3 (RuTPU)RU\TPU\pers\1074
|9 486
|
| 606 |
|
|
|a Ленин В. И.
|x Жизнь и деятельность
|j Библиография
|9 89214
|
| 606 |
1 |
|
|a Археография
|2 stltpush
|3 (RuTPU)RU\TPU\subj\53340
|9 71653
|
| 610 |
1 |
|
|a источники
|
| 610 |
1 |
|
|a источниковедение
|
| 610 |
1 |
|
|a отдельные произведения
|
| 610 |
1 |
|
|a рукописи
|
| 610 |
1 |
|
|a лениниана
|
| 610 |
1 |
|
|a письма
|
| 610 |
1 |
|
|a записки
|
| 610 |
1 |
|
|a жизнедеятельность
|
| 686 |
|
|
|a Т3(2)6-8Ленин35
|2 rubbk
|
| 686 |
|
|
|a Т212
|2 rubbk
|
| 702 |
|
1 |
|a Бондаревская
|b Т. П.
|4 340
|
| 702 |
|
1 |
|a Приймак
|b Н. И.
|4 340
|
| 712 |
0 |
2 |
|a Институт марксизма-ленинизма (ИМЛ)
|c (Москва)
|c (1956-1991)
|3 (RuTPU)RU\TPU\col\4702
|
| 801 |
|
1 |
|a RU
|b 63413507
|c 20151112
|
| 801 |
|
2 |
|a RU
|b 63413507
|c 20190724
|g RCR
|
| 942 |
|
|
|c BK
|